01285nam a2200337Ic 450000100060000000300100000600500170001600700030003300800410003602000180007704000350009504100080013008200160013810000360015424500620019025000220025226400590027430000440033333600270037733700330040433800280043749000290046550000210049450501140051565000560062965000670068565000440075294200120079699900170080895201220082558870CO-BoRNBP20250828200008.0ta180109s9999 xx 000 0 und d a9788482986142 aCO-BoRNBPbspaerdacCO-BoRNBP aspa0 a591.77 H83m aHughes, Catherine Deaut96426710aMi primer gran libro del océano /cCatherine D. Hughes. aTercera edición 1aBarcelona, España :bNational Geographic;2017,c2017 a128 páginas :bilustraciones en color atextobtxt2rdacontent asin mediaciónbn2rdamedia avolumenbnc2rdacarrier0 aNational geographic kids aIncluye glosario0 a1. Introducción 2. Océano pacífico 3. Océano Atlántico 4. Océano Öndico 5. Océano µrtico07aAnimales Marinos - Habitos Y Conductas2lemb96426807aAnimales Marinos - Libros Ilustrados Para Niños2lemb96426907aOceano - Libro De Imagenes2lemb964271 cBK2ddc c58870d58870 00102ddc40708INFaMECASARIbMECASARIcLITd2025-08-28l0oRpMDA001470r2025-08-28 20:00:39tEj.1w2025-08-28yBK